000 00656nam a2200181 4500
001 132919
003 ES-MaACL
005 20250805063301.0
007 t|
008 070214s1929 sp r ||||1| spa d
100 1 _aRoyo Gómez, José,
_d1895-1961
_9100228
245 1 0 _aNuevos yacimientos de mamíferos miocenos en la provincia de Valladolid /
_cJosé Royo Gómez.
260 _aMadrid :
_b[s. n.],
_c1929.
300 _a8 p., 3 lám. ;
_c25 cm.
500 _aPublicado en: Boletín de la Real Sociedad Española de Historia Natural, t. XXIX, p. 105-112, lám. VIII-X.
852 _aES-MaACL
_j1825-F-11
_bR.16883
999 _c132919
_d132919